000 00252nam a2200097Ia 4500
005 20251222154419.0
008 251222s9999||||xx |||||||||||||| ||spa||
082 _a069.485/M95
245 0 _aMuseo de sitio de Huaricolca: Inventario del museo
942 _cLIB
999 _c35960
_d35960